00309nam a2200121Ia 4500008004100000082001600041100002600057245004500083250000800128260002600136300000800162650001700170150301s2014 xx 000 0 und d a618.1bM14G aGILBERT, ELIZABETH S. aMANUAL OF HIGH RISK PREGNANCY & DELIVERY a5TH bELSEVIERaINDIAc2014 a727 aOBST. & GYNE